You Can Win (Record no. 354510)

MARC details
000 -LEADER
fixed length control field 00306nam a2200133Ia 4500
008 - FIXED-LENGTH DATA ELEMENTS--GENERAL INFORMATION
fixed length control field 230719s9999 xx 000 0 und d
041 ## - LANGUAGE CODE
Language code of text/sound track or separate title eng
082 ## - DEWEY DECIMAL CLASSIFICATION NUMBER
Classification number 155.64
Item number KHE
100 ## - MAIN ENTRY--PERSONAL NAME
Personal name Khera S.
9 (RLIN) 106205
245 ## - TITLE STATEMENT
Title You Can Win
260 ## - PUBLICATION, DISTRIBUTION, ETC. (IMPRINT)
Name of publisher, distributor, etc. Macmillan
365 ## - TRADE PRICE
Currency code Rs.
Price amount 163.00
700 ## - ADDED ENTRY--PERSONAL NAME
Personal name Khera S.
9 (RLIN) 106205
Holdings
Withdrawn status Lost status Damaged status Not for loan Home library Current library Shelving location Date acquired Vendor Cost, normal purchase price Total Checkouts Full call number Barcode Date last seen Date last checked out Cost, replacement price Bill Date Koha item type Original Barcode
        Cummins College of Engineering for Women Pune Cummins College of Engineering for Women Pune Donated Book 11/09/2017 Masurkar Enterprises 163.00 1 155.64 CCEP-DB-715 29/01/2025 15/01/2025 163.00 19/07/2023 Books D00715